000 01265cam a2200337 4500
002 7772
008 031121n2004 000 0 eng u
020 _a1403900019
035 _a(Sirsi) u124409
041 _aeng
050 _a333.337
_c18
100 _aHarvey, Jack
245 _aUrban land economics
250 _a6th ed.
260 _aBasingstoke
_bPalgrave Macmillan
_c2004
300 _axiii, 459p.
_c24cm.
350 _a28.99
520 _aThis sixth edition fully updates this popular and well-established text examining economics as applied to property. It shows clearly how economic analysis can be applied to issues surrounding land use and explores ways in which the allocation of land resources can be improved. Sections on real property; land development; urban land use; the government and land resources including a chapter on UK property and the European Union.
520 _aSupersedes fifth edition (ISBN 0333912977)
650 _aPROPERTY DEVELOPMENT
650 _aPROPERTY FINANCE
650 _aLand use
_96251
650 _aLAND POLICY
650 _aHOUSING
650 _aURBAN ENVIRONMENT
650 _aLAND TAX
650 _aLAND ECONOMICS
690 _aECONOMIC ISSUES
700 _aJowsey, Ernie
942 _n0
999 _c103222
_d103222